000 00607nam a2200217 i 4500
001 26626
003 ES-MaACL
005 20240219213311.0
007 t|
008 030109s1938 sp |||| |bspa d
080 _a929 Franco Bahamonde, Francisco
100 1 _aArrarás, Joaquín.
_923228
245 1 0 _aFranco /
_cJoaquín Arrarás.
250 _a5ª ed.
260 _aBurgos :
_bAldecoa,
_c1938.
300 _a314 p. ;
_c22 cm.
599 _aRetr. de Franco en cub.
600 1 4 _aFranco Bahamonde, Francisco,
_d1892-1975
_952240
852 _aES-MaACL
_jA-4828
999 _c26626
_d26626